|
|
|
|
| LEADER |
00000nam0a2200000 4500 |
| 001 |
361171 |
| 005 |
20231102011348.0 |
| 035 |
|
|
|a (RuTPU)RU\TPU\retro\18497
|
| 035 |
|
|
|a RU\TPU\book\335364
|
| 090 |
|
|
|a 361171
|
| 100 |
|
|
|a 20210528d1967 m y0rusy50 ca
|
| 101 |
1 |
|
|a eng
|c rus
|
| 102 |
|
|
|a RU
|
| 105 |
|
|
|a a j 001zy
|
| 200 |
1 |
|
|a Горное дело
|d Mining
|e [учебное пособие]
|f Б. В. Бокий
|g пер. с рус. Дж. Скотта
|
| 210 |
|
|
|a Москва
|c Мир
|d 1967
|
| 215 |
|
|
|a 753 с.
|c ил.
|
| 300 |
|
|
|a На английском языке
|
| 320 |
|
|
|9 572
|a Указ.: с. 749-753
|
| 454 |
|
1 |
|0 (RuTPU)RU\TPU\book\335364
|t Горное дело
|o учебное пособие
|f Б. В. Бокий
|e 3-е изд., испр. и доп.
|c Москва
|n Госгортехиздат
|d 1959
|p 863 с.
|a Бокий, Борис Вячеславович
|
| 454 |
|
|
|c Ленинград
|
| 510 |
1 |
|
|a Mining
|z eng
|
| 606 |
1 |
|
|a Горное дело
|2 stltpush
|3 (RuTPU)RU\TPU\subj\7566
|9 35173
|
| 610 |
1 |
|
|a учебные пособия
|
| 610 |
1 |
|
|a горные выработки
|
| 610 |
1 |
|
|a горные работы
|
| 610 |
1 |
|
|a горные машины
|
| 610 |
1 |
|
|a взрывные работы
|
| 610 |
1 |
|
|a горные породы
|
| 610 |
1 |
|
|a горная крепь
|
| 610 |
1 |
|
|a проходка
|
| 610 |
1 |
|
|a стволы
|
| 610 |
1 |
|
|a выработки
|
| 610 |
1 |
|
|a полезные ископаемые
|
| 610 |
1 |
|
|a месторождения
|
| 610 |
1 |
|
|a пласты
|
| 610 |
1 |
|
|a открытые разработки
|
| 610 |
1 |
|
|a шахтный транспорт
|
| 610 |
1 |
|
|a проветривание
|
| 610 |
1 |
|
|a освещение
|
| 610 |
1 |
|
|a пожары
|
| 610 |
1 |
|
|a английский язык
|
| 675 |
|
|
|a 622(075.8)
|v 3
|
| 700 |
|
1 |
|a Бокий
|b Б. В.
|g Борис Вячеславович
|
| 702 |
|
1 |
|a Скотт
|b Дж.
|g Джон
|4 730
|
| 801 |
|
1 |
|a RU
|b 63413507
|c 20090321
|g PSBO
|
| 801 |
|
2 |
|a RU
|b 63413507
|c 20210528
|g PSBO
|
| 942 |
|
|
|c BK
|